| 000 | 00678cam a22002413a 4500 | ||
|---|---|---|---|
| 001 | 17709 | ||
| 003 | PGUSA | ||
| 005 | 20140828083358.0 | ||
| 008 | 060207s2006||||xxu|||||s|||||000 | eng d | ||
| 040 |
_aPGUSA _beng |
||
| 042 | _adc | ||
| 050 | 4 | _aPT | |
| 100 | 1 |
_aLouriƩ, Ossip, _d1868- |
|
| 245 | 1 | 0 |
_aLa philosophie sociale dans le theatre d'Ibsen _h[electronic resource] / _cOssip LouriƩ |
| 260 |
_bProject Gutenberg, _c2006 |
||
| 506 | _aPublic domain in the USA. | ||
| 516 | _aElectronic text | ||
| 653 | _aIbsen, Henrik, 1828-1906 | ||
| 653 | _aSociology | ||
| 830 | 0 |
_aProject Gutenberg _v17709 |
|
| 856 | 4 | 0 | _uhttp://www.gutenberg.org/ebooks/17709 |
| 942 | _cEB | ||
| 999 |
_c246964 _d246964 |
||